00449cam6a220016900 4500001001200000003000500012005001700017008004100034035001900075035002200094040000900116100003300125245004900158260003500207650003100242004000600273tmp15724597UPRA20190813174609.0951012s1907 gw ger u a(Sirsi) r24400 a(UPRA)tmp15724597 cUPRA1 aKuhn, Philalethes.6A86880.110aGesundheitlicher Ratgeber fur Sudwestafrika. aBerlin :bE.S. Mittler,c1907. 0aTropical medicine.6S193.124400